| 000 | 01022nam a2200301 i 4500 | ||
|---|---|---|---|
| 003 | DO-SdBNP | ||
| 005 | 20250429115423.0 | ||
| 007 | ta | ||
| 008 | 240628b2024 dr a|||| |||| 00| 0 spa d | ||
| 020 | _a9789945188660 | ||
| 040 |
_aDO-SdBNP _bspa _cBNPHU _erda |
||
| 082 | 4 |
_a158.1 _bR763d _222 |
|
| 100 | 1 |
_aRomero, Cándida, _eautora _985883 |
|
| 245 | 1 | 0 |
_aDesde el vientre, camino al éxito / _cCándida Romero ; prólogo, Domingo Peña Nina |
| 264 |
_aSanto Domingo : _bSoto Castillo, _c2024. |
||
| 300 |
_a112 páginas : _bilustraciones ; _c23 cm. |
||
| 336 |
_2rdacontent _atexto _btxt |
||
| 337 |
_2rdamedia _asin mediación _bn |
||
| 338 |
_2rdacarrier _avolumen _bnc |
||
| 500 | _aIncluye datos biográficos de la autora en la contracubierta | ||
| 590 | _aInventariado, 2024/BT | ||
| 650 | 4 | _aConducta (Ética) | |
| 650 | 0 |
_aÉxito _9394 |
|
| 650 | 4 |
_aSuperación personal _910825 |
|
| 700 | 1 |
_aPeña Nina, Domingo, _eprólogo _919121 |
|
| 910 | _abtavarez/Validado. Control de calidad MFF | ||
| 942 |
_2ddc _cLBS1 |
||
| 999 |
_c57051 _d57051 |
||